000 01233cab a2200277 4500
001 ABS45061
008 090401t1991 xxu||||| |||| 00| 0 eng d
035 _a(Sirsi) u50758
041 _aeng
245 _aShearson Lehman Bros Ltd and others v Humphreys (VO) and another
260 _c1991
350 _a0
490 _aEstates Gazette
_v(1991) 32 EG 67-71(5)
520 _aLT 25 April 1991. At issue was the valuation of three modern office buildings on the fringe of the City but within Hackney LB under General Rate Act 1967 s20, with the ratepayer contending that the `tone of the list` provides for hereditaments to be valued as if they had existed in 1973 and taking into account the setting of the offices at that time. The VO claimed that the offices should be valued as they stood at the later date of the proposal with regard to the setting at that date but at 1973 values. Clement (VO) v Addis Ltd referred to.
650 _aASSESSMENTS
650 _aATRIA
650 _aBROADGATE
650 _aCOMPARABLES
650 _aDIRECTORS SUITE
650 _aOFFICES
650 _aRATING APPEALS
650 _aValuation
_96273
690 _aRATING AND VALUATION-CASE LAW
942 _n0
948 _c04/03/1997
999 _c31681
_d31681